| 000 | 00668nam a2200253Ia 4500 | ||
|---|---|---|---|
| 008 | 160901s9999 xx 000 0 und d | ||
| 020 | _a0-07-225588-9 | ||
| 050 | _aComSc TK 5105.8885 | ||
| 050 | _b.D74S65 2005 | ||
| 100 | _aSmith, Colin. | ||
| 245 | _aPhotoshop and dreamweaver integration : | ||
| 245 | _bcreating high-impact Web pages / | ||
| 245 | _cColin Smith . | ||
| 260 | _aNew York : | ||
| 260 | _bMcGraw-Hill., | ||
| 260 | _c2005 | ||
| 300 | _a315 pages : | ||
| 300 | _bill. ; | ||
| 300 | _c23 cm. | ||
| 500 | _aIncludes index. | ||
| 650 | _aDreamweaver (Computer file). | ||
| 650 | _aWeb sites -- Design. | ||
| 650 | _xAdobo Photoshop. | ||
| 999 |
_c300909 _d300909 |
||